000 00885nam a2200253 i 4500
001 13434
003 ES-MaACL
005 20230906150557.0
007 t|
008 980316s1992 au ||||1| spa d
020 _a92-1-306166-8
080 _a338(1-77)
080 _a330.322.54
100 1 _aBehrens, W.
_927061
245 1 0 _aManual para la preparación de estudios de viabilidad industrial /
_cW. Behrens, P.M. Hawranek.
250 _aEd. corr. y aum.
260 _aViena :
_bOrganización de las Naciones Unidas para el desarrollo industrial,
_c1994.
300 _aXII, 400 p. ;
_c24 cm.
650 4 _aDesarrollo industrial-
_zPaíses en desarrollo.
_911811
650 1 4 _aEvaluación de proyectos.
_912615
700 1 _aHawranek, P.M.
_962175
710 2 _aOrganización de las Naciones Unidas para el Desarrollo Industrial.
_96059
852 _aES-MaACL
_jL-20675
_bR.124685
999 _c13434
_d13434